Impacts of climate change on water quality in selected coastal areas of Bangladesh / (Record no. 82890)
[ view plain ]
| 000 -LEADER | |
|---|---|
| fixed length control field | 01208nam a22002777a 4500 |
| 001 - CONTROL NUMBER | |
| RUCL Control Number | 82890 |
| 003 - CONTROL NUMBER IDENTIFIER | |
| rucl marc code | BD-RjUL |
| 005 - DATE AND TIME OF LATEST TRANSACTION | |
| control field | 20240131165510.0 |
| 008 - FIXED-LENGTH DATA ELEMENTS--GENERAL INFORMATION | |
| fixed length control field | 240131s2020 bg a|||| m||| 00| 0 eng d |
| 035 ## - SYSTEM CONTROL NUMBER | |
| system control number | (BD-RjUL)82890 |
| 040 ## - CATALOGING SOURCE | |
| Original cataloging agency | BD-RjUL |
| Language of cataloging | eng |
| Transcribing agency | BD-RjUL |
| Modifying agency | BD-RjUL |
| 041 ## - LANGUAGE CODE | |
| Language code of Book | eng |
| 082 ## - DEWEY DECIMAL CLASSIFICATION NUMBER | |
| DDC Edition number | 23 |
| Classification number | 333.911095492 |
| Author mark and Year | SEI 2020 |
| 100 ## - MAIN ENTRY--PERSONAL NAME | |
| Personal name | Serder, Md. Ferog |
| 9 (RLIN) | 11325 |
| 245 10 - TITLE STATEMENT | |
| Title | Impacts of climate change on water quality in selected coastal areas of Bangladesh / |
| Statement of responsibility, etc | Submitted By Md. Ferog Serder ; |
| Name of Supervisor/Co-Supervisor | Principal Supervisor : Md. Golam Mostafa, Co-Supervisor : Md. Sultan-Ul-Islam, & Md. Rashidul Hasan, &Mst. Sarmina Yeasmin, |
| 260 ## - PUBLICATION, DISTRIBUTION, ETC. (IMPRINT) | |
| Place of publication, distribution, etc | Rajshahi : |
| Name of publisher, distributor, etc | Institute of Environmental Science, University of Rajshahi, |
| Date of publication, distribution, etc | 2020 |
| 300 ## - PHYSICAL DESCRIPTION | |
| Pagination | xii, 108 leaves : |
| Other physical details | ill, ; |
| Dimensions | 29.cm. |
| 502 ## - DISSERTATION NOTE | |
| Dissertation note | Thesis (Ph. D.) -- Institute of Environmental Science, University of Rajshahi, 2020 |
| 504 ## - BIBLIOGRAPHY, ETC. NOTE | |
| Bibliography, etc | References : Leaves 103 -108 |
| 650 ## - SUBJECT ADDED ENTRY--TOPICAL TERM | |
| Topical term or geographic name as entry element | Water |
| Geographic subdivision | Bangladesh |
| 700 ## - ADDED ENTRY--SUPERVISOR/CO-SUPERVISOR NAME | |
| Personal name | Mostafa, Md. Golam, Principal Supervisor |
| 9 (RLIN) | 6619 |
| Personal name | Islam, Md. Sultan-Ul-Co-,Supervisor |
| 9 (RLIN) | 11326 |
| Personal name | Hasan, Md. Rashidul, Co-Supervisor |
| 9 (RLIN) | 11327 |
| Personal name | Yeasmin, Mst. Sarmina Co-Supervisor |
| 9 (RLIN) | 11328 |
| 942 ## - ADDED ENTRY ELEMENTS (KOHA) | |
| Source of classification or shelving scheme | Dewey Decimal Classification |
| Koha item type | Theses |
| Source of classification or shelving scheme | Damaged status | Not for loan | Collection code | Permanent Location | Current Location | Shelving location | Date of accession | Source of acquisition | Total Checkouts | Full call number | Barcode | Date last seen | Copy number | Thesis |
|---|---|---|---|---|---|---|---|---|---|---|---|---|---|---|
| Dewey Decimal Classification | Not For Loan | Theses | Central Library, University of Rajshahi | Central Library, University of Rajshahi | Documentation Section | 14/02/2023 | Controller of Exam. R. U. | THE 333.911095492 SEI 2020 | D4652 | 31/01/2024 | C-1 | Theses |